[Event "Dutch League 2023-24"]
[Site "Netherlands NED"]
[Date "2023.11.25"]
[Round "4.10"]
[White "Kokje, Joris"]
[Black "Lecomte, Robin"]
[Result "1/2-1/2"]
[WhiteTitle "FM"]
[WhiteElo "2288"]
[BlackElo "2233"]
[WhiteTeam "Paul Keres"]
[BlackTeam "Charlois Europoort"]
[WhiteFideId "1051024"]
[BlackFideId "1037170"]
[EventDate "2023.09.16"]
[EventType "team"]

1. d4 Nf6 2. c4 g6 3. f3 Bg7 4. e4 d6 5. Nc3 O-O 6. Nge2 c5 7. d5 a6 8. a4 e6 9.
Ng3 exd5 10. cxd5 Nbd7 11. Be2 b6 12. O-O Bb7 13. Bf4 Qc7 14. Qd2 Rfe8 15. Bh6
Bh8 16. Nh1 c4 17. Rfc1 b5 18. b4 cxb3 19. Rab1 Nc5 20. axb5 axb5 21. Nxb5 Qb6
22. Be3 Ra2 23. Qd1 Nxd5 24. Bf2 Nf4 25. Bf1 b2 26. Rc2 Ra1 27. Nxd6 Rxb1 28.
Qxb1 Qxd6 29. Bxc5 Qd7 30. Ba3 Qd4+ 31. Nf2 Qe3 32. Bxb2 Bxb2 33. Qxb2 Bc8 34.
Rc3 Qa7 35. Qc1 Qb8 36. e5 Nd5 37. Rc5 Be6 38. f4 Qb4 39. g3 Ra8 40. Rc4 Qb6 41.
Qd2 Ne3 42. Rd4 Nf5 43. Rb4 Qc5 44. Rb5 Qa7 45. Qb4 Nd4 46. Rb7 Nf3+ 47. Kg2
Ne1+ 48. Kg1 Nf3+ 49. Kg2 Ne1+ 50. Kg1 Nf3+ 1/2-1/2

[Event "Dutch League 2023-24"]
[Site "Netherlands NED"]
[Date "2023.11.25"]
[Round "4.1"]
[White "Braun, Christian2"]
[Black "Pruijssers, Roeland"]
[Result "0-1"]
[WhiteTitle "IM"]
[BlackTitle "GM"]
[WhiteElo "2397"]
[BlackElo "2520"]
[WhiteTeam "Zuid Limburg"]
[BlackTeam "AMEVO Apeldoorn"]
[WhiteFideId "4692098"]
[BlackFideId "1013068"]
[EventDate "2023.09.16"]
[EventType "team"]

1. Nf3 d5 2. g3 Nf6 3. Bg2 e6 4. O-O c5 5. d3 Nc6 6. Nbd2 Be7 7. e4 O-O 8. Re1
b5 9. exd5 Nxd5 10. c3 Bb7 11. Ne4 h6 12. a3 a5 13. Qc2 Rc8 14. Ned2 Nb6 15. a4
Nxa4 16. Ne5 Nxe5 17. Bxb7 Rb8 18. Rxe5 Rxb7 19. c4 Nb6 20. cxb5 Nd5 21. Qc4 Qb8
22. Qe4 Nb4 23. Nc4 Rxb5 24. Bxh6 gxh6 25. Rh5 Qc8 26. Nd6 f5 27. Qc4 Bxd6 28.
Qxb5 Qe8 29. Qxe8 Rxe8 30. Rxh6 Nxd3 31. Rxa5 Bf8 32. Rh5 Nxb2 33. g4 fxg4 34.
Rg5+ Kf7 35. Rxg4 Nd3 36. h4 Rc8 37. Ra7+ Kf6 38. Rc4 Bh6 39. Rh7 Kg6 40. Re7
Rc6 41. Rg4+ Kf5 42. Rc4 Ne5 0-1

[Event "Dutch League 2023-24"]
[Site "Netherlands NED"]
[Date "2023.11.25"]
[Round "4.2"]
[White "Warmerdam, Max"]
[Black "Winkels, Marcel"]
[Result "1-0"]
[WhiteTitle "GM"]
[BlackTitle "CM"]
[WhiteElo "2633"]
[BlackElo "1915"]
[WhiteTeam "AMEVO Apeldoorn"]
[BlackTeam "Zuid Limburg"]
[WhiteFideId "1048104"]
[BlackFideId "1003887"]
[EventDate "2023.09.16"]
[EventType "team"]

1. Nf3 Nf6 2. c4 g6 3. Nc3 Bg7 4. g3 c6 5. Bg2 d5 6. d4 O-O 7. O-O dxc4 8. e4
Bg4 9. h3 Bxf3 10. Bxf3 Nbd7 11. e5 Ne8 12. Qe2 Nb6 13. Rd1 Nc7 14. h4 Ncd5 15.
h5 Qe8 16. Ne4 f6 17. Nc5 Qc8 18. Bd2 g5 19. Rac1 h6 20. Re1 f5 21. a4 g4 22.
Bg2 a5 23. b3 cxb3 24. Nxb3 Qe8 25. Bxa5 Qxh5 26. Bxb6 Nxb6 27. Nc5 Nd5 28. Ne6
Rf7 29. Bxd5 cxd5 30. Nf4 Qg5 31. Qb5 h5 32. Qxb7 Rxa4 33. Qxd5 Qh6 34. Rc6 Qh7
35. Rc8+ Bf8 36. Rxf8+ 1-0

[Event "Dutch League 2023-24"]
[Site "Netherlands NED"]
[Date "2023.11.25"]
[Round "4.3"]
[White "Wantola, Ivo"]
[Black "Van Delft, Merijn"]
[Result "1/2-1/2"]
[WhiteTitle "FM"]
[BlackTitle "IM"]
[WhiteElo "2347"]
[BlackElo "2379"]
[WhiteTeam "Zuid Limburg"]
[BlackTeam "AMEVO Apeldoorn"]
[WhiteFideId "1016067"]
[BlackFideId "1004670"]
[EventDate "2023.09.16"]
[EventType "team"]

1. Nf3 Nf6 2. c4 g6 3. Nc3 Bg7 4. e4 d6 5. d4 O-O 6. Be2 e5 7. dxe5 dxe5 8. Qxd8
Rxd8 9. Nd5 Nxd5 10. cxd5 c6 11. Bc4 h6 12. Be3 cxd5 13. Bxd5 Na6 14. O-O-O Re8
15. Kb1 Nc7 16. Bb3 b6 17. Nd2 Be6 18. f3 1/2-1/2

[Event "Dutch League 2023-24"]
[Site "Netherlands NED"]
[Date "2023.11.25"]
[Round "4.4"]
[White "Rijnaarts, Sjef"]
[Black "Lenaerts, Lennert"]
[Result "0-1"]
[WhiteTitle "FM"]
[BlackTitle "FM"]
[WhiteElo "2276"]
[BlackElo "2339"]
[WhiteTeam "AMEVO Apeldoorn"]
[BlackTeam "Zuid Limburg"]
[WhiteFideId "1014870"]
[BlackFideId "211435"]
[EventDate "2023.09.16"]
[EventType "team"]

1. e4 e5 2. Nf3 Nc6 3. Bb5 a6 4. Ba4 Nf6 5. O-O Be7 6. Re1 b5 7. Bb3 O-O 8. h3
Bb7 9. a4 d5 10. axb5 axb5 11. Rxa8 Bxa8 12. exd5 Nxd5 13. d3 Nd4 14. Nxd4 exd4
15. Nd2 c5 16. Nf3 Bf6 17. Bd2 Bb7 18. Qa1 h6 19. Qa7 Qc8 20. Ne5 Rd8 21. Qa5
Re8 22. Ng4 Rxe1+ 23. Bxe1 c4 24. Ba2 Nf4 25. Qxb5 Nxg2 26. Bd2 Nh4 27. Bxh6
Nf3+ 28. Kf1 Qe6 29. Qb4 Be7 30. Qa5 Nh2+ 31. Nxh2 Qxh3+ 32. Ke2 Qxh2 33. Bd2
Qh3 34. Bb4 Bf3+ 35. Kd2 Qh6+ 0-1

[Event "Dutch League 2023-24"]
[Site "Netherlands NED"]
[Date "2023.11.25"]
[Round "4.5"]
[White "Suvorov, Luca"]
[Black "Kuipers, Stefan"]
[Result "0-1"]
[WhiteTitle "FM"]
[BlackTitle "IM"]
[WhiteElo "2389"]
[BlackElo "2444"]
[WhiteTeam "Zuid Limburg"]
[BlackTeam "AMEVO Apeldoorn"]
[WhiteFideId "12977071"]
[BlackFideId "1018400"]
[EventDate "2023.09.16"]
[EventType "team"]

1. d4 d5 2. c4 e6 3. Nc3 Nf6 4. cxd5 exd5 5. Bg5 c6 6. e3 Bd6 7. Bd3 O-O 8. Nge2
Re8 9. Qc2 h6 10. Bf4 Bxf4 11. Nxf4 a5 12. O-O Na6 13. a3 Qd6 14. Na4 b5 15. Nb6
Rb8 16. Nxc8 Rexc8 17. Rac1 a4 18. Bf5 Rc7 19. Nd3 g6 20. Bh3 Kg7 21. g3 h5 22.
Bg2 h4 23. f4 hxg3 24. hxg3 b4 25. Qxa4 c5 26. axb4 c4 27. b5 cxd3 28. bxa6 Rxc1
29. Rxc1 Qe7 30. e4 dxe4 31. a7 Ra8 32. Ra1 Nd5 33. Qa5 Ne3 34. Kf2 Nc2 35. Rc1
e3+ 36. Kg1 d2 37. Rb1 Rxa7 0-1

[Event "Dutch League 2023-24"]
[Site "Netherlands NED"]
[Date "2023.11.25"]
[Round "4.6"]
[White "Beerdsen, Thomas"]
[Black "Hausrath, Daniel"]
[Result "1-0"]
[WhiteTitle "GM"]
[BlackTitle "GM"]
[WhiteElo "2504"]
[BlackElo "2465"]
[WhiteTeam "AMEVO Apeldoorn"]
[BlackTeam "Zuid Limburg"]
[WhiteFideId "1030108"]
[BlackFideId "4617495"]
[EventDate "2023.09.16"]
[EventType "team"]

1. e4 c5 2. Nf3 Nc6 3. Bb5 Nf6 4. Nc3 Qc7 5. O-O Nd4 6. Re1 e5 7. a4 Be7 8. d3
O-O 9. Bg5 d6 10. Bxf6 Bxf6 11. Nd5 Qd8 12. c3 Nxf3+ 13. Qxf3 Bg5 14. d4 cxd4
15. cxd4 exd4 16. Rad1 Be6 17. Rxd4 Rc8 18. Red1 Rc2 19. b3 Qb8 20. Bc4 a6 21.
Qg3 Qd8 22. Qd3 Rc1 23. Rxc1 Bxc1 24. Qc3 Bg5 25. Qb4 Qb8 26. g3 Qa7 27. Qxd6 b5
28. axb5 axb5 29. Bxb5 Qxd4 30. Ne7+ Bxe7 31. Qxd4 Bxb3 32. Bc4 Rd8 33. Qa7 Bxc4
34. Qxe7 Ra8 35. g4 h6 36. f4 Be2 37. h3 Bc4 38. Kf2 f6 39. Qc5 Bf7 40. h4 Re8
41. Kf3 Bg6 42. f5 Bf7 43. g5 hxg5 44. hxg5 Ba2 45. Qc6 Rf8 46. Qa4 Bf7 47. g6 1-0

[Event "Dutch League 2023-24"]
[Site "Netherlands NED"]
[Date "2023.11.25"]
[Round "4.7"]
[White "Zimmermann, Luc"]
[Black "Zwirs, Nico"]
[Result "0-1"]
[WhiteTitle "CM"]
[BlackTitle "IM"]
[WhiteElo "2105"]
[BlackElo "2480"]
[WhiteTeam "Zuid Limburg"]
[BlackTeam "AMEVO Apeldoorn"]
[WhiteFideId "1007033"]
[BlackFideId "1036432"]
[EventDate "2023.09.16"]
[EventType "team"]

1. e4 c5 2. c3 d5 3. exd5 Qxd5 4. d4 g6 5. Nf3 Bg7 6. Nbd2 cxd4 7. Bc4 Qd8 8.
Nxd4 Nf6 9. O-O O-O 10. N2f3 Nbd7 11. Qe2 a6 12. Re1 e5 13. Nc2 e4 14. Nfd4 Ne5
15. Bb3 Nd3 16. Rd1 Bg4 17. f3 Nxc1 18. Raxc1 exf3 19. Nxf3 Qb6+ 20. Qf2 Qc7 21.
h3 Ne4 22. Qe3 Bxf3 23. Qxf3 Rae8 24. Nd4 Bh6 25. Rc2 Ng3 26. Bd5 Be3+ 27. Rf2
Re7 28. c4 Bxd4 0-1

[Event "Dutch League 2023-24"]
[Site "Netherlands NED"]
[Date "2023.11.25"]
[Round "4.8"]
[White "Van de Oudeweetering, Arthur"]
[Black "Gallasch, Jonas"]
[Result "0-1"]
[WhiteTitle "IM"]
[BlackTitle "FM"]
[WhiteElo "2253"]
[BlackElo "2293"]
[WhiteTeam "AMEVO Apeldoorn"]
[BlackTeam "Zuid Limburg"]
[WhiteFideId "1000551"]
[BlackFideId "16222474"]
[EventDate "2023.09.16"]
[EventType "team"]

1. e4 c6 2. d4 d5 3. Nc3 dxe4 4. Nxe4 Bf5 5. Ng3 Bg6 6. h4 h6 7. Nf3 Nd7 8. h5
Bh7 9. Bd3 Bxd3 10. Qxd3 e6 11. Bf4 Qa5+ 12. c3 Ngf6 13. a4 Be7 14. b4 Qd8 15.
a5 O-O 16. O-O b6 17. Rfd1 Qc8 18. Qe2 Re8 19. Ne5 Nd5 20. Qf3 N7f6 21. Bd2 Qc7
22. axb6 axb6 23. Rxa8 Rxa8 24. c4 Nxb4 25. Bxb4 Bxb4 26. Nxc6 Ra3 27. Nxb4 Rxf3
28. gxf3 Qxc4 29. Rb1 Qxd4 30. Kg2 Qc4 0-1

[Event "Dutch League 2023-24"]
[Site "Netherlands NED"]
[Date "2023.11.25"]
[Round "4.9"]
[White "Van Dael, Siem"]
[Black "Meurs, Tom"]
[Result "0-1"]
[WhiteTitle "FM"]
[WhiteElo "2308"]
[BlackElo "2249"]
[WhiteTeam "Zuid Limburg"]
[BlackTeam "AMEVO Apeldoorn"]
[WhiteFideId "1049771"]
[BlackFideId "1021176"]
[EventDate "2023.09.16"]
[EventType "team"]

1. e4 e5 2. Nf3 Nc6 3. Bc4 Nf6 4. d3 Bc5 5. c3 a6 6. a4 Ba7 7. O-O d6 8. Na3 O-O
9. Nc2 Be6 10. Bxe6 fxe6 11. Qe2 Qe8 12. Nh4 d5 13. b4 b5 14. axb5 axb5 15. Be3
Bxe3 16. Qxe3 Rxa1 17. Rxa1 dxe4 18. dxe4 Ng4 19. Qe2 Rxf2 20. Qxg4 Rxc2 21. Qh3
Qd7 22. Rf1 Nd8 23. Qe3 Nf7 24. Qc5 Qd6 25. Qxb5 Qb6+ 26. Qxb6 cxb6 27. Ra1 g5
28. Nf3 g4 29. Ne1 Rxc3 30. Ra6 Rc4 31. Rxb6 Rxe4 32. Kf2 Rd4 33. Ke3 Nd6 34.
Rb8+ Kf7 35. Nd3 Nc4+ 36. Ke2 e4 37. Nf4 Rd2+ 38. Ke1 e3 39. Rc8 Nb2 40. Rc7+
Kf6 41. Rc3 Kf5 42. g3 Ke4 43. Nxe6 Nd3+ 44. Rxd3 Kxd3 0-1

[Event "Dutch League 2023-24"]
[Site "Netherlands NED"]
[Date "2023.11.25"]
[Round "4.10"]
[White "Lammens, Tim"]
[Black "Suvorov, Alexander"]
[Result "1/2-1/2"]
[WhiteTitle "FM"]
[BlackTitle "FM"]
[WhiteElo "2238"]
[BlackElo "2355"]
[WhiteTeam "AMEVO Apeldoorn"]
[BlackTeam "Zuid Limburg"]
[WhiteFideId "1008803"]
[BlackFideId "12977063"]
[EventDate "2023.09.16"]
[EventType "team"]

1. c4 g6 2. Nf3 Bg7 3. d4 d6 4. Nc3 e5 5. dxe5 dxe5 6. Qxd8+ Kxd8 7. g3 c6 8.
Be3 f5 9. Bc5 Nd7 10. Bd6 Ke8 11. e4 Nh6 12. exf5 gxf5 13. Ng5 Nf7 14. Nxf7 Kxf7
15. O-O-O Re8 16. Bh3 Nf8 17. Rhe1 Ng6 18. Kc2 Be6 19. b3 Rad8 20. a4 e4 21. f3
exf3 22. Rf1 f4 23. Bxe6+ Rxe6 24. Bxf4 Rxd1 25. Nxd1 Nxf4 26. gxf4 Re2+ 27. Kd3
Rxh2 28. Rxf3 Rh1 29. Nf2 Rb1 30. Ke4 h5 31. Kf5 Rf1 32. Ne4 Rxf3 33. Ng5+ Ke7
34. Nxf3 Bf6 35. Nd2 Bc3 36. Ke4 1/2-1/2

[Event "Dutch League 2023-24"]
[Site "Netherlands NED"]
[Date "2023.11.25"]
[Round "4.1"]
[White "Van der Werf, Mark"]
[Black "De Winter, Arthur"]
[Result "0-1"]
[WhiteTitle "IM"]
[BlackTitle "IM"]
[WhiteElo "2401"]
[BlackElo "2413"]
[WhiteTeam "LSG IntelliMagic"]
[BlackTeam "Zukertort Amstelveen"]
[WhiteFideId "1000470"]
[BlackFideId "1069020"]
[EventDate "2023.09.16"]
[EventType "team"]

1. d4 Nf6 2. c4 g6 3. Nc3 Bg7 4. e4 d6 5. Be2 O-O 6. Nf3 e5 7. Be3 Qe8 8. dxe5
Ng4 9. Bg5 Nxe5 10. O-O Na6 11. Nd4 c6 12. Qd2 Nc5 13. Rad1 a5 14. f3 a4 15. Nc2
Be6 16. Ne3 f6 17. Bf4 Rd8 18. Qc2 a3 19. b3 f5 20. exf5 gxf5 21. Rfe1 Qe7 22.
Bf1 Ng6 23. Ne2 Be5 24. Bxe5 dxe5 25. Rxd8 Qxd8 26. Rd1 Qb6 27. Kh1 f4 28. Ng4
e4 29. Nf2 e3 30. Ne4 Nxe4 31. Qxe4 Bf5 32. Qd4 Qxd4 33. Rxd4 Re8 34. Rd1 Kf7
35. g3 h5 36. Nd4 Rd8 37. Be2 Bb1 38. Rxb1 Rxd4 39. Rd1 Rxd1+ 40. Bxd1 Kf6 41.
Kg2 Ke5 42. Kf1 Kd4 43. Bc2 Kc3 44. Bxg6 Kd2 45. Bd3 Kxd3 46. Ke1 fxg3 47. hxg3
Kc2 48. f4 Kb2 49. f5 Kxa2 50. f6 Kxb3 51. f7 a2 52. f8=Q a1=Q+ 53. Ke2 Qg1 54.
Kd3 Qf2 0-1

[Event "Dutch League 2023-24"]
[Site "Netherlands NED"]
[Date "2023.11.25"]
[Round "4.2"]
[White "Van Gisbergen, Stan"]
[Black "De Jong, Jan-Willem"]
[Result "1/2-1/2"]
[WhiteTitle "FM"]
[BlackTitle "IM"]
[WhiteElo "2262"]
[BlackElo "2408"]
[WhiteTeam "Zukertort Amstelveen"]
[BlackTeam "LSG IntelliMagic"]
[WhiteFideId "1002066"]
[BlackFideId "1008641"]
[EventDate "2023.09.16"]
[EventType "team"]

1. d4 d5 2. c4 e6 3. Nc3 Nf6 4. Bg5 Nbd7 5. Nf3 c6 6. e3 h6 7. Bh4 g5 8. Bg3 Nh5
9. Bd3 Nxg3 10. hxg3 Bg7 11. cxd5 exd5 12. Qc2 Nb6 13. Bf5 Bxf5 14. Qxf5 Nc4 15.
O-O-O Qe7 16. Rhe1 O-O 17. g4 Rae8 18. Nh2 Nd6 19. Qc2 Qd7 20. f3 f5 1/2-1/2

[Event "Dutch League 2023-24"]
[Site "Netherlands NED"]
[Date "2023.11.25"]
[Round "4.3"]
[White "Pijpers, Arthur"]
[Black "Peelen, Piet"]
[Result "1-0"]
[WhiteTitle "IM"]
[BlackTitle "IM"]
[WhiteElo "2466"]
[BlackElo "2343"]
[WhiteTeam "LSG IntelliMagic"]
[BlackTeam "Zukertort Amstelveen"]
[WhiteFideId "1019554"]
[BlackFideId "1000403"]
[EventDate "2023.09.16"]
[EventType "team"]

1. e4 c6 2. d4 d5 3. e5 Bf5 4. Nf3 e6 5. Be2 c5 6. Be3 Qb6 7. Nc3 Nc6 8. O-O
Qxb2 9. Qe1 cxd4 10. Bxd4 Nxd4 11. Nxd4 Bb4 12. Rb1 Bxc3 13. Rxb2 Bxe1 14. Rxe1
b6 15. h4 h5 16. Nxf5 exf5 17. c4 dxc4 18. Bxc4 Rc8 19. Bb3 Ne7 20. e6 fxe6 21.
Bxe6 Rc7 22. Rd2 g6 23. Red1 Kf8 24. Rd7 Rxd7 25. Rxd7 Kg7 26. Bb3 Kf6 27. Rxa7
Rc8 28. f4 Rc6 29. Rb7 Rd6 30. a4 Nd5 31. g3 Ke6 32. a5 bxa5 33. Rb5 a4 34. Ba2
a3 35. Ra5 Rb6 36. Bxd5+ Kd6 37. Ba2 1-0

[Event "Dutch League 2023-24"]
[Site "Netherlands NED"]
[Date "2023.11.25"]
[Round "4.4"]
[White "Strating, Sybolt"]
[Black "Smeets, Jan"]
[Result "0-1"]
[WhiteTitle "FM"]
[BlackTitle "GM"]
[WhiteElo "2313"]
[BlackElo "2539"]
[WhiteTeam "Zukertort Amstelveen"]
[BlackTeam "LSG IntelliMagic"]
[WhiteFideId "1002694"]
[BlackFideId "1007246"]
[EventDate "2023.09.16"]
[EventType "team"]

1. d4 d5 2. c4 e6 3. Nc3 a6 4. cxd5 exd5 5. Nf3 c6 6. Bf4 Bd6 7. Bg3 Ne7 8. e3
O-O 9. Bd3 Bf5 10. Ne5 Re8 11. Qh5 Bxe5 12. Bxf5 Nxf5 13. Bxe5 g6 14. Qd1 Nd7
15. Bf4 Qf6 16. O-O g5 17. Bg3 Qg6 18. Qb3 Nxg3 19. hxg3 Nf6 20. Qd1 h5 21. a4
Kg7 22. Ra3 Re7 23. Ne2 Ne4 24. Qd3 Qh6 25. f3 Nd6 26. e4 dxe4 27. fxe4 Rxe4 28.
d5 Rae8 29. Nc3 Rg4 30. dxc6 bxc6 31. Nd1 h4 32. gxh4 Rxh4 33. Nf2 Ne4 34. Qd4+
Kg8 35. Qd7 Qe6 36. Qxe6 Rxe6 37. Nxe4 Rhxe4 38. Rf5 Rg4 39. Kf2 Kg7 40. Raf3
Rxa4 41. Rxg5+ Kf8 42. Rb3 Rf6+ 43. Ke3 Ke7 44. Rb7+ Kd6 45. Kd3 Rf2 46. Kc3 Re4
47. Kb3 f6 48. Rg6 a5 49. Ka3 Re3+ 50. Ka2 a4 51. g4 Rg3 52. Rb4 a3 53. Ka1 Kc5
54. Rb8 Kc4 55. Ka2 c5 56. Rgg8 axb2 57. Rxb2 Rxb2+ 58. Kxb2 Rg2+ 59. Kb1 f5 60.
g5 Kb3 61. Kc1 Kc3 62. Kd1 f4 63. Rf8 Rg1+ 64. Ke2 Rxg5 65. Rxf4 Rd5 66. Rf1 Kc2
67. Ke3 c4 68. Rf2+ Kb3 69. Rf8 c3 70. Rb8+ Kc2 71. Rb7 Kc1 72. Rb8 c2 73. Ra8
Kd1 0-1

[Event "Dutch League 2023-24"]
[Site "Netherlands NED"]
[Date "2023.11.25"]
[Round "4.5"]
[White "Willemze, Thomas"]
[Black "Ris, Robert"]
[Result "1/2-1/2"]
[WhiteTitle "IM"]
[BlackTitle "IM"]
[WhiteElo "2317"]
[BlackElo "2437"]
[WhiteTeam "LSG IntelliMagic"]
[BlackTeam "Zukertort Amstelveen"]
[WhiteFideId "1007238"]
[BlackFideId "1011480"]
[EventDate "2023.09.16"]
[EventType "team"]

1. e4 c5 2. Nf3 Nc6 3. Bb5 e6 4. O-O Nge7 5. Re1 h6 6. d4 cxd4 7. Nxd4 Ng6 8.
Nc3 Be7 9. Nf5 O-O 10. Nxe7+ Qxe7 11. a4 Rd8 12. a5 d6 13. Be3 Qc7 14. Bf1 Nce7
15. Nb5 Qb8 16. Bc5 d5 17. e5 Bd7 18. Bd6 Qc8 19. Nc7 Rb8 20. a6 Nf5 21. axb7
Qxb7 22. Na6 Ra8 23. Bc5 1/2-1/2

[Event "Dutch League 2023-24"]
[Site "Netherlands NED"]
[Date "2023.11.25"]
[Round "4.6"]
[White "Krudde, Fitzgerald"]
[Black "Van Haastert, Edwin"]
[Result "1/2-1/2"]
[WhiteTitle "FM"]
[BlackTitle "IM"]
[WhiteElo "2249"]
[BlackElo "2426"]
[WhiteTeam "Zukertort Amstelveen"]
[BlackTeam "LSG IntelliMagic"]
[WhiteFideId "1001175"]
[BlackFideId "1003992"]
[EventDate "2023.09.16"]
[EventType "team"]

1. d4 d5 2. c4 c6 3. Nf3 Nf6 4. e3 Bg4 5. h3 Bh5 6. Qb3 Qb6 7. Ne5 e6 8. g4 Bg6
9. Nxg6 hxg6 10. Bg2 Ne4 11. Nc3 f5 12. Nxe4 dxe4 13. Bd2 Nd7 14. Bc3 Be7 15.
O-O-O O-O-O 16. Qa4 Kb8 17. c5 Qc7 18. Qb3 Nf8 1/2-1/2

[Event "Dutch League 2023-24"]
[Site "Netherlands NED"]
[Date "2023.11.25"]
[Round "4.7"]
[White "Vogt, Andreas"]
[Black "Van der Eijk, Martijn"]
[Result "1-0"]
[WhiteTitle "FM"]
[WhiteElo "2291"]
[BlackElo "2232"]
[WhiteTeam "LSG IntelliMagic"]
[BlackTeam "Zukertort Amstelveen"]
[WhiteFideId "4629434"]
[BlackFideId "1026534"]
[EventDate "2023.09.16"]
[EventType "team"]

1. d4 Nf6 2. c4 e6 3. Nc3 Bb4 4. e3 O-O 5. Bd3 d5 6. Nf3 c5 7. O-O cxd4 8. exd4
dxc4 9. Bxc4 Nc6 10. a3 Be7 11. Re1 a6 12. Qd3 b5 13. Bb3 Bb7 14. Bc2 Re8 15. d5
exd5 16. Bg5 Ne4 17. Nxe4 dxe4 18. Qxe4 g6 19. Qh4 Bxg5 20. Nxg5 h5 21. Bb3 Ne5
22. Qf4 Bd5 23. Rxe5 Bxb3 24. Ne4 Kg7 25. Re1 Rxe5 26. Qxe5+ f6 27. Qc3 Bf7 28.
h4 Rc8 29. Nc5 a5 30. b4 axb4 31. axb4 Qd5 32. Re3 Re8 33. Rxe8 Bxe8 34. f3 Bc6
35. Kf2 Qa2+ 36. Kg3 Qd5 37. Qe3 Qd6+ 38. Qf4 Qxf4+ 39. Kxf4 Kh6 40. Ne4 Kg7 41.
g4 Kf7 42. gxh5 gxh5 43. Ng3 Kg6 44. Ke3 Bd5 45. Kf4 Bb3 46. Nf5 Be6 47. Nd6 Bd7
48. Ke3 Kg7 49. Kd4 Kf8 50. Kc5 Ke7 51. Nxb5 Ke6 52. Nc3 Ke5 53. Ne2 Bc8 54. Ng3
Kf4 55. Nxh5+ Kxf3 56. Nxf6 Kf4 57. Kd6 Kf5 58. Ke7 Ba6 59. Kf7 Bc4+ 60. Kg7 Be2
61. h5 Ke5 62. h6 Bd3 63. Nd7+ Kd4 64. Nf8 Kc4 65. Ng6 1-0

[Event "Dutch League 2023-24"]
[Site "Netherlands NED"]
[Date "2023.11.25"]
[Round "4.8"]
[White "Schilstra, Laurens"]
[Black "Bosman, Michiel"]
[Result "0-1"]
[BlackTitle "IM"]
[WhiteElo "2154"]
[BlackElo "2341"]
[WhiteTeam "Zukertort Amstelveen"]
[BlackTeam "LSG IntelliMagic"]
[WhiteFideId "1043218"]
[BlackFideId "1000721"]
[EventDate "2023.09.16"]
[EventType "team"]

1. Nf3 d5 2. g3 Nf6 3. Bg2 e6 4. O-O Be7 5. d4 O-O 6. c4 dxc4 7. Ne5 Qd6 8. Bf4
Qa6 9. Qc2 Rd8 10. Rd1 Nd5 11. Qxc4 Qxc4 12. Nxc4 Nc6 13. Bxd5 exd5 14. Ne5 Nxe5
15. Bxe5 c6 16. Nd2 Bf5 17. Rac1 Rac8 18. h4 h6 19. f3 Bg6 20. Nb3 b6 21. a3 a5
22. Nd2 f6 23. Bf4 c5 24. dxc5 Bxc5+ 25. Kg2 Bd4 26. e4 Rxc1 27. Rxc1 dxe4 28.
Nxe4 Bxb2 29. Rc6 Bxa3 30. Rxb6 Ra8 31. g4 a4 32. Nc3 Bc5 33. Rc6 Bf8 34. g5 Be8
35. Rc7 hxg5 36. hxg5 fxg5 37. Be5 a3 38. Ne4 Ra5 39. Ba1 Bg6 40. Rb7 g4 41. Nc3
gxf3+ 42. Kxf3 Rf5+ 43. Ke2 Bf7 44. Rc7 Bd6 45. Ra7 Bc4+ 46. Kd2 Rf1 0-1

[Event "Dutch League 2023-24"]
[Site "Netherlands NED"]
[Date "2023.11.25"]
[Round "4.9"]
[White "Jens, Jelmer"]
[Black "Los, Sander"]
[Result "0-1"]
[WhiteTitle "IM"]
[BlackTitle "FM"]
[WhiteElo "2358"]
[BlackElo "2282"]
[WhiteTeam "LSG IntelliMagic"]
[BlackTeam "Zukertort Amstelveen"]
[WhiteFideId "1007394"]
[BlackFideId "1000527"]
[EventDate "2023.09.16"]
[EventType "team"]

1. e4 c5 2. Nf3 d6 3. c3 Nf6 4. Be2 g6 5. O-O Bg7 6. Bb5+ Nc6 7. d4 O-O 8. Re1
cxd4 9. cxd4 Bg4 10. Nc3 Bxf3 11. gxf3 Nh5 12. Be3 e5 13. d5 Nd4 14. Bf1 f5 15.
Nb5 fxe4 16. Bxd4 exd4 17. Rxe4 Rf4 18. Nxd4 Qg5+ 19. Kh1 Qh4 20. Ne6 Rxe4 21.
fxe4 Be5 22. f4 Nxf4 23. Qc2 Nxe6 24. dxe6 Rf8 25. e7 Qxe7 26. Bc4+ Kg7 27. Rf1
Rxf1+ 28. Bxf1 Qf6 29. Bc4 Bxb2 30. Kg2 Bd4 31. Bd5 Qg5+ 32. Kf3 Qe3+ 33. Kg2 h5
34. Bxb7 Qg1+ 35. Kh3 Qg4# 0-1

[Event "Dutch League 2023-24"]
[Site "Netherlands NED"]
[Date "2023.11.25"]
[Round "4.10"]
[White "Aravindhan, Achyuth"]
[Black "Van Wessel, Rudy"]
[Result "0-1"]
[BlackTitle "IM"]
[WhiteElo "2071"]
[BlackElo "2365"]
[WhiteTeam "Zukertort Amstelveen"]
[BlackTeam "LSG IntelliMagic"]
[WhiteFideId "1084216"]
[BlackFideId "1004395"]
[EventDate "2023.09.16"]
[EventType "team"]

1. e4 e5 2. Nf3 Nc6 3. Bc4 Nf6 4. d4 exd4 5. e5 d5 6. Bb5 Ne4 7. Nxd4 Bd7 8.
Bxc6 bxc6 9. O-O Bc5 10. f3 Ng5 11. f4 Ne4 12. Be3 Bb6 13. Nd2 c5 14. N4f3 Nxd2
15. Qxd2 Bf5 16. c3 c4 17. Bxb6 axb6 18. Nd4 Bd3 19. Rf3 Be4 20. Rg3 g6 21. f5
Qe7 22. Qf4 O-O-O 23. Re3 gxf5 24. Nc6 Qc5 25. Nxd8 Rxd8 26. Kh1 d4 27. Re2 dxc3
28. bxc3 Rd3 29. Rxe4 fxe4 30. Qxe4 Qd5 31. Qxd5 Rxd5 32. Kg1 Rxe5 33. Kf2 Kd7
34. Rd1+ Ke6 35. Rd4 Ra5 36. Rd2 Ra3 37. Rc2 Kd5 38. Ke3 b5 39. Kd2 c5 40. Rb2
b4 41. Rc2 b3 42. axb3 cxb3 0-1